=LDR 00000nam 2200000 4500 =001 INLIS000000000036890 =005 20130612142641 =008 ***********************************Ind** =035 ##$$0010-061300000036890 =041 ##$$a Ind =082 ##$$a 741.5 =090 ##$$a 741.5, Alc k =100 ##$$a Alcott, Lovisa May =245 ##$$a Kisah klasik little women, Levis May Alcott =260 ##$$a 2010 $b Jakarta =300 ##$$a 207 hlm, ilus, 21 cm =650 ##$$a Komik, bacaan =850 ##$$a NBPNMAT